[Event "Castell de Tona op 2nd"]
[Site "Castell de Tona"]
[Date "2012.12.08"]
[Round "5"]
[White "Parramon Arimany, Marc"]
[Black "Casulleras Chalaux, Oriol"]
[Result "0-1"]
[WhiteElo "1997"]
[BlackElo "1848"]
[PlyCount "30"]
[EventDate "2012.12.06"]
[EventType "swiss"]
[EventRounds "6"]
[EventCountry "ESP"]
[SourceTitle "EXT 2014"]
[Source "ChessBase"]
[SourceDate "2013.11.20"]
[SourceVersion "1"]
[SourceVersionDate "2013.11.20"]
[SourceQuality "1"]

1. d4 d5 2. Bf4 Bf5 3. Nf3 Nf6 4. Nbd2 e6 5. c3 Nbd7 6. Nh4 Bg4 7. Qc2 c5 8. e3 c4 9. e4 Nh5 10. Bg3 Nxg3 11. hxg3 Qf6 12. f3 Bh5 13. e5 Nxe5 14. dxe5 Qxe5+ 15. Kf2 Bc5# 0-1

[Event "Vic op 31st"]
[Site "Vic"]
[Date "2011.11.08"]
[Round "3"]
[White "Parramon Arimany, Marc"]
[Black "Ibanez Tarradellas, Eduardo"]
[Result "0-1"]
[WhiteElo "1924"]
[BlackElo "2290"]
[PlyCount "38"]
[EventDate "2011.10.18"]
[EventType "swiss"]
[EventRounds "8"]
[EventCountry "ESP"]
[SourceTitle "EXT 2013"]
[Source "ChessBase"]
[SourceDate "2012.11.22"]
[SourceVersion "1"]
[SourceVersionDate "2012.11.22"]
[SourceQuality "1"]

1. e4 d5 2. exd5 Qxd5 3. Nc3 Qa5 4. d4 Nf6 5. Bd3 Nc6 6. Nge2 Bg4 7. f3 Bh5 8. Bd2 Nb4 9. Bc4 Bg6 10. Rc1 0-0-0 11. Nb5 c6 12. a3 cxb5 13. Bxb4 Qb6 14. Bd3 e5 15. Bc3 exd4 16. Bxd4 Bc5 17. c3 Kb8 18. 0-0 Bxd4+ 19. cxd4 Rxd4 0-1

[Event "Vic Ciutat op"]
[Site "Vic"]
[Date "2010.11.30"]
[Round "8.8"]
[White "Parramon Arimany, Marc"]
[Black "Saborit Verdaguer, Roger"]
[Result "1-0"]
[WhiteElo "1903"]
[BlackElo "1636"]
[PlyCount "97"]
[EventDate "2010.10.05"]
[EventType "swiss"]
[EventRounds "8"]
[EventCountry "ESP"]
[SourceTitle "EXT 2024"]
[Source "ChessBase"]
[SourceDate "2023.10.10"]
[SourceVersion "1"]
[SourceVersionDate "2023.10.10"]
[SourceQuality "1"]

1. d4 Nf6 2. Bg5 e6 3. e4 Be7 4. Bd3 h6 5. Be3 d6 6. h3 0-0 7. Ne2 c5 8. c3 cxd4 9. cxd4 Nc6 10. Nbc3 Bd7 11. 0-0 Nb4 12. Bb1 Rc8 13. a3 Na6 14. Qd3 e5 15. b4 Nc7 16. dxe5 dxe5 17. Bxa7 Qe8 18. Bb6 Nb5 19. Nd5 Nxd5 20. exd5 f5 21. a4 Nd6 22. Qb3 Kh8 23. Bc5 Qg6 24. Nc3 Qg5 25. Bxd6 Bxd6 26. Bd3 f4 27. Ne4 Qe7 28. Nxd6 Qxd6 29. Be4 Rc7 30. Rac1 Rfc8 31. Rxc7 Rxc7 32. Rd1 b6 33. a5 Ra7 34. axb6 Qxb6 35. d6 Ba4 36. d7 Bxd7 37. Qf7 Qd8 38. Bf5 Qe8 39. Qxe8+ Bxe8 40. Rd8 Re7 41. Bg6 e4 42. Rxe8+ Rxe8 43. Bxe8 Kg8 44. Bc6 e3 45. fxe3 fxe3 46. Kf1 Kf8 47. Ke2 Ke7 48. Kxe3 Kd6 49. b5 1-0

[Event "Mataro-A"]
[Site "Mataro"]
[Date "2010.07.13"]
[Round "4"]
[White "Parramon Arimany, Marc"]
[Black "Bimbatti Dorante, Gian Carlos"]
[Result "1/2-1/2"]
[WhiteElo "1883"]
[BlackElo "2048"]
[PlyCount "57"]
[EventDate "2010.07.10"]
[EventType "tourn"]
[EventRounds "9"]
[EventCountry "ESP"]
[SourceTitle "EXT 2011"]
[Source "ChessBase"]
[SourceDate "2010.11.26"]
[SourceVersion "1"]
[SourceVersionDate "2010.11.26"]
[SourceQuality "1"]

1. e4 c5 2. Nc3 Nc6 3. f4 e6 4. Nf3 a6 5. g4 Qc7 6. d3 d6 7. f5 Be7 8. Bf4 h5 9. Ng5 Nf6 10. Be2 Nd4 11. gxh5 Nxe2 12. Nxe2 Nxh5 13. Qd2 Bd7 14. 0-0-0 e5 15. Be3 Bxg5 16. Bxg5 Nf6 17. h4 Bc6 18. Bxf6 gxf6 19. Rdg1 0-0-0 20. h5 d5 21. Qe3 Qa5 22. a3 c4 23. h6 c3 24. bxc3 Qxa3+ 25. Kd2 dxe4 26. d4 Qa4 27. h7 Bb5 28. Ra1 Qc4 29. Rh4 1/2-1/2

[Event "Mataro-A"]
[Site "Mataro"]
[Date "2010.07.10"]
[Round "1"]
[White "Maynat Diaz, Jose Antonio"]
[Black "Parramon Arimany, Marc"]
[Result "0-1"]
[WhiteElo "1897"]
[BlackElo "1883"]
[PlyCount "90"]
[EventDate "2010.07.10"]
[EventType "tourn"]
[EventRounds "9"]
[EventCountry "ESP"]
[SourceTitle "EXT 2011"]
[Source "ChessBase"]
[SourceDate "2010.11.26"]
[SourceVersion "1"]
[SourceVersionDate "2010.11.26"]
[SourceQuality "1"]

1. e4 c5 2. Nf3 Nc6 3. Bc4 d6 4. d4 cxd4 5. Nxd4 Nxd4 6. Qxd4 a6 7. Nc3 e6 8. 0-0 b5 9. Bd3 Ne7 10. Rd1 Nc6 11. Qe3 Bb7 12. a4 b4 13. Na2 Be7 14. Bd2 a5 15. c3 Bf6 16. Bb5 0-0 17. Rab1 bxc3 18. Bxc3 Bxc3 19. bxc3 Ne7 20. c4 f5 21. exf5 Nxf5 22. Qxe6+ Kh8 23. c5 Qg5 24. Bf1 Rae8 25. Qc4 Bf3 26. cxd6 Re4 27. Qf7 Ree8 28. d7 Rd8 29. Qc4 Nh4 30. g3 Bxd1 31. Rxd1 Qh5 32. Be2 Nf3+ 33. Bxf3 Qxf3 34. Qc2 Rf7 35. Nc1 Qg4 36. Nb3 Qxa4 37. Qc7 Rff8 38. Rd3 Qa2 39. Nd2 Qe6 40. Rf3 Qe1+ 41. Kg2 Qxd2 42. Rxf8+ Rxf8 43. Qc8 Qxf2+ 44. Kh3 Qf5+ 45. Kg2 Rxc8 0-1

[Event "Vall del Tenes op 2nd"]
[Site "Santa Eulalia de Roncana"]
[Date "2010.05.20"]
[Round "5"]
[White "Lozano Alarcon, Alejandro"]
[Black "Parramon Arimany, Marc"]
[Result "0-1"]
[WhiteElo "1772"]
[BlackElo "1865"]
[PlyCount "44"]
[EventDate "2010.04.22"]
[EventType "swiss"]
[EventRounds "9"]
[EventCountry "ESP"]
[SourceTitle "EXT 2011"]
[Source "ChessBase"]
[SourceDate "2010.11.26"]
[SourceVersion "1"]
[SourceVersionDate "2010.11.26"]
[SourceQuality "1"]

1. e4 c5 2. Nf3 Nc6 3. d4 cxd4 4. Nxd4 Nf6 5. Nc3 e5 6. Nf3 Bb4 7. Bd3 d5 8. exd5 Nxd5 9. Bd2 Bg4 10. Be2 Nxc3 11. Bxc3 Bxc3+ 12. bxc3 Qa5 13. 0-0 0-0 14. Qd3 Rad8 15. Qc4 Be6 16. Qb5 Qxc3 17. Qxb7 e4 18. Ne1 Rb8 19. Qa6 Rb6 20. Qa4 Qxa1 21. Qxe4 Nd4 22. Bd3 Bf5 0-1